| 000 | 00893nam a2200253Ia 4500 | ||
|---|---|---|---|
| 008 | 130821s2002 sp gr spa | ||
| 020 | _a8472452883 | ||
| 040 |
_aCo-BoUCM _bspa |
||
| 041 | 0 | 0 | _aspa |
| 060 |
_aWM 460.7 _25 |
||
| 100 | 1 |
_aGrof, Stanislav _984856 |
|
| 245 | 1 | 3 |
_aLa mente holotrópica los niveles de la conciencia humana _cStanislav Grof, con la colaboración de Hal Sina Bennett; traducción de David González Raga |
| 250 | _a3a. Ed. | ||
| 260 |
_aBarcelona (España) _bEditorial Kairós _c2002 |
||
| 300 | _a328 páginas | ||
| 504 | _aIncluye bibliografía | ||
| 650 | 0 | 4 |
_aConciencia (Psicología) _911456 |
| 650 | 0 | 4 |
_aPsicología aplicada _922800 |
| 650 | 0 | 4 |
_aPsiquiatría _98004 |
| 700 | 1 |
_aBennett, Hal Sina _9162187 |
|
| 700 | 1 |
_aGonzalez RAGA, David _etrad. _984565 |
|
| 765 | 1 | 4 | _aThe holotropic mind |
| 942 |
_cLIBRO _a15 _e3 _mG874m _2NLM _hWM 460.7 _n0 |
||
| 999 |
_c47613 _d47613 |
||